Data structures and programming techniques /
Guardado en:
| Autor Principal: | |
|---|---|
| Formato: | Libro |
| Idioma: | English German |
| Publicado: |
Englewood Cliffs, N.J. :
Prentice-Hall,
c1977.
|
| Materias: | |
| Etiquetas: |
Agregar Etiqueta
Sin Etiquetas, Sea el primero en etiquetar este registro!
|
| LEADER | 00926cam a2200265 a 4500 | ||
|---|---|---|---|
| 001 | MAT.inmabb005839 | ||
| 008 | 760630s1977####njua#####b####001#0#eng## | ||
| 005 | 20170518171729.0 | ||
| 245 | 1 | 0 | |a Data structures and programming techniques / |c Hermann A. Maurer ; translated by Camille C. Price. |
| 260 | |a Englewood Cliffs, N.J. : |b Prentice-Hall, |c c1977. | ||
| 300 | |a vii, 228 p. : |b il. ; |c 24 cm. | ||
| 500 | |a Traducción de: Datenstrukturen und Programmierverfahren. | ||
| 504 | |a Bibliografía: p. 217-220. | ||
| 500 | |a Incluye índice. | ||
| 510 | 4 | |a MR, |c *REVIEW #* | |
| 020 | |a 0131970380 | ||
| 100 | 1 | |a Maurer, Hermann A., |d 1941- | |
| 240 | 1 | 0 | |a Datenstrukturen und Programmierverfahren. |l Inglés |
| 650 | 0 | |a Computer programming. | |
| 650 | 0 | |a Data structures (Computer science) | |
| 084 | |a 68 |2 MR | ||
| 010 | |a 76022758 | ||
| 040 | |a DLC |c DLC |d DLC | ||
| 041 | 1 | |a eng |h ger | |
| 859 | |h 68 |i M453 |p A-4900 |b BIB. MATEMATICA | ||
